[Event "CAN-op"]
[Site "Toronto CAN"]
[Date "1968.08.25"]
[Round "3"]
[White "Normandeau, Yannick"]
[Black "Brodie, Hugh"]
[Result "0-1"]
[WhiteElo "1500"]
[BlackElo "1700"]
[PlyCount "86"]
[EventDate "1968.08.24"]
[EventType "swiss"]
[EventRounds "11"]
[EventCountry "CAN"]

1. Nf3 c5 2. d4 g6 3. g3 Bg7 4. c3 e6 5. Bg2 Ne7 6. O-O cxd4 7. cxd4 d5 8. Nc3
O-O 9. Re1 Nbc6 10. Be3 a6 11. Kh1 b5 12. a3 Na5 13. Bc1 Qb6 14. Nh4 Qxd4 15.
Qxd4 Bxd4 16. e3 Bg7 17. Rb1 Nb3 18. Ne2 Nc6 19. e4 Nxc1 20. Rexc1 Nd4 21. Nxd4
Bxd4 22. exd5 exd5 23. Kg1 Bb7 24. Rd1 Bg7 25. Bxd5 Bxd5 26. Rxd5 Rfd8 27.
Rxd8+ Rxd8 28. Kg2 Rd2 29. b4 Bd4 30. Rf1 Ra2 31. Nf3 Bb6 32. Kh3 Rxa3 33. Ne5
Bd4 34. f4 Rb3 35. Rc1 Bxe5 36. fxe5 Rxb4 37. Rc6 a5 38. g4 g5 39. Rc8+ Kg7 40.
Rc7 Kf8 41. Rc8+ Ke7 42. Rh8 a4 43. Rxh7 a3 0-1

[Event "CAN-op"]
[Site "Toronto CAN"]
[Date "1968.08.26"]
[Round "4"]
[White "Labelle, Jacques"]
[Black "Brodie, Hugh"]
[Result "1-0"]
[WhiteElo "2050"]
[BlackElo "1700"]
[PlyCount "83"]
[EventDate "1968.08.24"]
[EventType "swiss"]
[EventRounds "11"]
[EventCountry "CAN"]

1. e4 e6 2. d4 d5 3. Nc3 Bb4 4. e5 c5 5. a3 Bxc3+ 6. bxc3 Qc7 7. Qg4 f5 8. Bb5+
Nc6 9. Qh5+ g6 10. Qd1 a6 11. Bxc6+ Qxc6 12. Ne2 b5 13. O-O Rb8 14. Be3 cxd4
15. cxd4 Bd7 16. Qd2 h6 17. h4 Rc8 18. Rfc1 Qb6 19. Rab1 Qd8 20. g3 Rc4 21. Nf4
Kf7 22. Nd3 Rc6 23. Nc5 Bc8 24. a4 bxa4 25. Nxa4 Kg7 26. Nc5 Ne7 27. f4 Rb6 28.
Na4 Rxb1 29. Rxb1 Qc7 30. Nc5 Nc6 31. Rb7 Qxb7 32. Nxb7 Bxb7 33. Qc3 Kf7 34.
Qb3 Rb8 35. Qb6 Ke8 36. Qc7 Ba8 37. Qg7 a5 38. Bd2 a4 39. Qxg6+ Kd7 40. g4 Nxd4
41. Qf7+ Kd8 42. Ba5+ 1-0

[Event "CAN-op"]
[Site "Toronto CAN"]
[Date "1968.08.27"]
[Round "5"]
[White "Brodie, Hugh"]
[Black "Beauchamp, Jean-Pierre"]
[Result "0-1"]
[WhiteElo "1700"]
[BlackElo "1800"]
[PlyCount "52"]
[EventDate "1968.08.24"]
[EventType "swiss"]
[EventRounds "11"]
[EventCountry "CAN"]

1. Nf3 d5 2. c4 e6 3. g3 Nf6 4. Bg2 b6 5. O-O Be7 6. b3 Bb7 7. Bb2 Nbd7 8. d4
O-O 9. Qc2 Rc8 10. cxd5 exd5 11. Nbd2 c5 12. dxc5 Bxc5 13. Qd1 Qe7 14. Nd4 g6
15. N2f3 Ne4 16. Nd2 Ndf6 17. e3 Ba6 18. Ne2 Rfd8 19. Nf3 Ng4 20. Bh3 Ngxf2 21.
Rxf2 Nxf2 22. Kxf2 Qxe3+ 23. Kg2 Qf2+ 24. Kh1 Bxe2 25. Qg1 Bxf3+ 26. Bg2 Qxb2
0-1

[Event "CAN-op"]
[Site "Toronto CAN"]
[Date "1968.08.28"]
[Round "6"]
[White "Lathrop, T."]
[Black "Brodie, Hugh"]
[Result "0-1"]
[WhiteElo "1600"]
[BlackElo "1700"]
[PlyCount "94"]
[EventDate "1968.08.24"]
[EventType "swiss"]
[EventRounds "11"]
[EventCountry "CAN"]

1. e4 e6 2. d4 d5 3. Bd3 c5 4. c4 dxe4 5. Bxe4 Nf6 6. Bc2 cxd4 7. Nf3 Nc6 8.
Ba4 Bc5 9. O-O O-O 10. Bg5 h6 11. Bh4 g5 12. Bg3 Ne4 13. Qd3 Nxg3 14. Nxg5 Qxg5
15. Qxg3 Qxg3 16. hxg3 e5 17. a3 a5 18. Nd2 Bf5 19. Rfe1 f6 20. Kh2 Rf7 21. Ne4
Bf8 22. Rad1 Bh7 23. c5 Kg7 24. f4 Bxe4 25. Rxe4 f5 26. Ree1 e4 27. Bxc6 bxc6
28. Rxd4 Rb8 29. Re2 Rfb7 30. Rdd2 Bxc5 31. g4 fxg4 32. Rc2 Bd4 33. Rxe4 Bxb2
34. Rxc6 Bxa3 35. f5 h5 36. Ree6 Bb2 37. Rh6 Be5+ 38. Kg1 Rb1+ 39. Kf2 R8b2+
40. Ke3 Re1+ 41. Kd3 Rb3+ 42. Kc2 Rb2+ 43. Kd3 Rd1+ 44. Ke3 Bd4+ 45. Kf4 Rf2+
46. Ke4 Re2+ 47. Kf4 Be3+ 0-1

[Event "CAN-op"]
[Site "Toronto CAN"]
[Date "1968.08.29"]
[Round "7"]
[White "Brodie, Hugh"]
[Black "Zagar, Milan"]
[Result "0-1"]
[WhiteElo "1700"]
[BlackElo "1800"]
[PlyCount "180"]
[EventDate "1968.08.24"]
[EventType "swiss"]
[EventRounds "11"]
[EventCountry "CAN"]

1. c4 Nf6 2. Nc3 c5 3. g3 Nc6 4. Bg2 g6 5. Nf3 Bg7 6. O-O O-O 7. d4 b6 8. e4
cxd4 9. Nxd4 Bb7 10. Nxc6 dxc6 11. Rb1 Qc7 12. b3 Rfd8 13. Qc2 Nd7 14. Bb2 Nc5
15. Rbd1 e5 16. Rxd8+ Rxd8 17. Rd1 Ne6 18. Ne2 c5 19. Nc3 Nd4 20. Qb1 Bc8 21.
Nd5 Qd6 22. h3 f5 23. f3 Be6 24. Qd3 Qd7 25. Kh2 Rf8 26. Rf1 h5 27. Qd1 Kh7 28.
Bc3 f4 29. g4 Qd8 30. Be1 Bf6 31. Nxf6+ Qxf6 32. Bf2 Rd8 33. Qe1 Kg7 34. g5 Qe7
35. h4 Rd7 36. Qa1 Qd8 37. Qb2 Kf7 38. Be1 a6 39. Bc3 b5 40. cxb5 axb5 41. b4
Bc4 42. Rf2 Qb6 43. bxc5 Qxc5 44. Qb4 Qxb4 45. Bxb4 Ra7 46. a3 Rc7 47. Bd6 Rd7
48. Bxe5 Ne6 49. Bf1 Bxf1 50. Rxf1 Rd2+ 51. Kg1 Rd3 52. Bb2 Rb3 53. Rf2 Nc5 54.
Rc2 Na4 55. Bc1 Rxf3 56. Kg2 Rg3+ 57. Kh2 Rc3 58. Rxc3 Nxc3 59. Bxf4 Nxe4 60.
Kg2 Ke6 61. Kf3 Kf5 62. Be3 Nd6 63. Bc5 Nc4 64. Bb4 Ne5+ 65. Kg3 Ke4 66. Bc5
Nd3 67. Bd6 Ne1 68. Bc5 Nc2 69. Bd6 Ne3 70. Bb4 Nf5+ 71. Kh3 Kf3 72. Bc5 Ng3
73. Bb4 Ne2 74. Be1 Nf4+ 75. Kh2 Kg4 76. Kg1 Nd3 77. Bd2 Kxh4 78. Kg2 Kg4 79.
Be3 Nf4+ 80. Kf2 h4 81. Kg1 Ne6 82. Kh2 Nxg5 83. Bc5 h3 84. Bd6 Nf3+ 85. Kh1 g5
86. a4 bxa4 87. Bb4 Kf5 88. Bc5 g4 89. Bd6 a3 90. Bxa3 g3 0-1

[Event "CAN-op"]
[Site "Toronto CAN"]
[Date "1968.08.30"]
[Round "8"]
[White "Reinbergs, John"]
[Black "Brodie, Hugh"]
[Result "1-0"]
[WhiteElo "1900"]
[BlackElo "1700"]
[PlyCount "53"]
[EventDate "1968.08.24"]
[EventType "swiss"]
[EventRounds "11"]
[EventCountry "CAN"]

1. e4 e6 2. d4 d5 3. Nc3 Bb4 4. e5 c5 5. a3 Bxc3+ 6. bxc3 Qc7 7. Qg4 f5 8. Qg3
g6 9. h4 cxd4 10. h5 gxh5 11. Bd2 dxc3 12. Bf4 Ne7 13. Qg7 Rg8 14. Qxh7 Nbc6
15. Nf3 Bd7 16. Bg5 Rxg5 17. Nxg5 O-O-O 18. Nf7 Rg8 19. Nd6+ Kb8 20. Rb1 b6 21.
Rh3 Nd4 22. Kd1 Ba4 23. Rc1 Rg5 24. Qh6 Rg6 25. Qf8+ Nc8 26. Rxh5 Rg7 27. Rh8
1-0

[Event "CAN-op"]
[Site "Toronto CAN"]
[Date "1968.09.01"]
[Round "10"]
[White "Dotten, C."]
[Black "Brodie, Hugh"]
[Result "1-0"]
[WhiteElo "1600"]
[BlackElo "1700"]
[PlyCount "77"]
[EventDate "1968.08.24"]
[EventType "swiss"]
[EventRounds "11"]
[EventCountry "CAN"]

1. e4 e6 2. d4 d5 3. Nc3 Bb4 4. e5 c5 5. a3 Bxc3+ 6. bxc3 Ne7 7. Qg4 Nf5 8. Bd3
Qh4 9. Bxf5 Qxg4 10. Bxg4 cxd4 11. cxd4 b6 12. f4 Ba6 13. Be2 O-O 14. Bxa6 Nxa6
15. Ne2 Rac8 16. c3 f6 17. O-O Rc4 18. a4 Nc7 19. Bd2 fxe5 20. fxe5 Rxf1+ 21.
Kxf1 Kf7 22. Kf2 Ne8 23. Kf3 h6 24. Kg4 Rc7 25. Nf4 g5 26. Nh5 Kg6 27. h4 gxh4
28. Nf4+ Kf7 29. Rf1 Ke7 30. Ng6+ Kd8 31. Kh5 Rc4 32. Kxh6 Rxa4 33. Bg5+ Kd7
34. Nf8+ Kc6 35. Nxe6 Ra2 36. Rf8 Nc7 37. Rc8 Kd7 38. Rxc7+ Kxe6 39. Kg6 1-0

[Event "CAN-op"]
[Site "Toronto CAN"]
[Date "1968.09.02"]
[Round "11"]
[White "Brodie, Hugh"]
[Black "Fraser, G."]
[Result "1/2-1/2"]
[WhiteElo "1700"]
[BlackElo "1700"]
[PlyCount "43"]
[EventDate "1968.08.24"]
[EventType "swiss"]
[EventRounds "11"]
[EventCountry "CAN"]

1. Nf3 Nf6 2. b4 g6 3. Bb2 Bg7 4. c4 b6 5. g3 Bb7 6. Bg2 O-O 7. O-O d6 8. d3
Nbd7 9. Nbd2 c5 10. b5 a6 11. a4 axb5 12. axb5 Rxa1 13. Qxa1 Qa8 14. Qxa8 Rxa8
15. Ra1 Rxa1+ 16. Bxa1 Ne8 17. Bxg7 Kxg7 18. Nb1 Nc7 19. Nc3 e6 20. Nd2 Bxg2
21. Kxg2 d5 22. h4 1/2-1/2

[Event "Eastern Ontario op"]
[Site "Ottawa CAN"]
[Date "1968.07.20"]
[Round "1"]
[White "Brodie, Hugh"]
[Black "Aspler, Gerald"]
[Result "1-0"]
[WhiteElo "1700"]
[BlackElo "1700"]
[PlyCount "79"]
[EventDate "1968.07.20"]
[EventType "swiss"]
[EventRounds "5"]
[EventCountry "CAN"]

1. Nf3 d5 2. c4 Nf6 3. b3 g6 4. Bb2 c6 5. g3 Bg7 6. Bg2 O-O 7. O-O dxc4 8. bxc4
Be6 9. d3 Qb6 10. Qc2 Nbd7 11. Nbd2 Rad8 12. Rab1 Qc7 13. Ng5 Bf5 14. e4 Bg4
15. f3 h6 16. Nh3 Bxh3 17. Bxh3 Nc5 18. d4 Na6 19. Qb3 Nh5 20. d5 Nc5 21. Qc2
cxd5 22. cxd5 b6 23. Nb3 Rc8 24. Bxc8 Nxg3 25. hxg3 Qxg3+ 26. Qg2 Qxg2+ 27.
Kxg2 Rxc8 28. Bxg7 Kxg7 29. Nxc5 bxc5 30. Rb7 c4 31. Rc1 Kf6 32. Rxa7 g5 33.
Ra6+ Kg7 34. Rc3 f6 35. Ra4 Kg6 36. Rcxc4 Rb8 37. Rc2 h5 38. Kg3 f5 39. Ra6+
Kg7 40. exf5 1-0

[Event "Eastern Ontario op"]
[Site "Ottawa CAN"]
[Date "1968.07.20"]
[Round "2"]
[White "Kuber, Bruce"]
[Black "Brodie, Hugh"]
[Result "1/2-1/2"]
[WhiteElo "1700"]
[BlackElo "1700"]
[PlyCount "65"]
[EventDate "1968.07.20"]
[EventType "swiss"]
[EventRounds "5"]
[EventCountry "CAN"]

1. e4 e6 2. d4 d5 3. Nc3 Bb4 4. exd5 exd5 5. Bd2 Nf6 6. Bd3 O-O 7. Nge2 Nbd7 8.
O-O c5 9. dxc5 Nxc5 10. Bg5 Bxc3 11. Nxc3 Ne6 12. Bxf6 Qxf6 13. Qh5 h6 14. Nxd5
Qxb2 15. Ne7+ Kh8 16. Nd5 Qd4 17. Ne3 Qf6 18. Qd5 Nf4 19. Qe4 Nxd3 20. cxd3 Qe6
21. Qxe6 Bxe6 22. h3 Rac8 23. a3 Rc3 24. d4 Rd8 25. Rfd1 Bd5 26. g3 g6 27. Kf1
b5 28. Ke2 a5 29. Rdb1 Rb3 30. Rc1 Rb2+ 31. Ke1 Be4 32. Rd1 Bd5 33. Rdc1
1/2-1/2

[Event "Eastern Ontario op"]
[Site "Ottawa CAN"]
[Date "1968.07.20"]
[Round "3"]
[White "Brodie, Hugh"]
[Black "Sembera, A."]
[Result "1-0"]
[WhiteElo "1700"]
[BlackElo "1700"]
[PlyCount "125"]
[EventDate "1968.07.20"]
[EventType "swiss"]
[EventRounds "5"]
[EventCountry "CAN"]

1. Nf3 Nc6 2. d4 d5 3. c4 e6 4. Nc3 Be7 5. e3 Nf6 6. Bd3 O-O 7. O-O Re8 8. a3
Bd6 9. c5 Bf8 10. b4 a6 11. Qc2 e5 12. dxe5 Nxe5 13. Nxe5 Rxe5 14. Bb2 Re6 15.
Ne2 g6 16. Nf4 Rc6 17. Qb3 Be6 18. Nxe6 Rxe6 19. Rad1 c6 20. Rfe1 Bg7 21. Qc2
Qc7 22. e4 Rae8 23. e5 Nd7 24. f4 f5 25. h3 Nf8 26. g4 Qf7 27. gxf5 gxf5 28.
Bxf5 Rh6 29. Qd3 Rh5 30. Bg4 Rh4 31. Qg3 Rh6 32. Bc1 Qe7 33. f5 Bxe5 34. Rxe5
Qxe5 35. Qxe5 Rxe5 36. Bxh6 Kf7 37. Rf1 Nd7 38. Kg2 Kf6 39. h4 Re4 40. Bg5+ Ke5
41. Kg3 Nf6 42. Bxf6+ Kxf6 43. Rf4 Re3+ 44. Rf3 Re4 45. Bh5 h6 46. Bg6 Re5 47.
Kg4 Re4+ 48. Kh3 Re7 49. Kg2 Re4 50. Rh3 Rg4+ 51. Kf2 Rf4+ 52. Ke2 Re4+ 53. Kd3
Rf4 54. h5 Re4 55. Re3 Rf4 56. Re6+ Kg5 57. f6 Rxf6 58. Rxf6 Kxf6 59. Kd4 Ke6
60. Bc2 Kf6 61. Bd1 Ke6 62. Bg4+ Ke7 63. Ke5 1-0

[Event "Eastern Ontario op"]
[Site "Ottawa CAN"]
[Date "1968.07.21"]
[Round "4"]
[White "Muskat, Robert"]
[Black "Brodie, Hugh"]
[Result "1-0"]
[WhiteElo "1700"]
[BlackElo "1700"]
[PlyCount "75"]
[EventDate "1968.07.20"]
[EventType "swiss"]
[EventRounds "5"]
[EventCountry "CAN"]

1. d4 d5 2. Nf3 Nf6 3. c4 c6 4. Nc3 dxc4 5. e4 b5 6. Qc2 Bb7 7. Be3 e6 8. Rd1
a6 9. Be2 Be7 10. O-O O-O 11. Ne5 Qc7 12. f4 Nfd7 13. Ng4 Nb6 14. f5 c5 15. f6
Bxf6 16. Nxf6+ gxf6 17. Rxf6 cxd4 18. Bxd4 N8d7 19. Rh6 e5 20. Qd2 f6 21. Be3
Rad8 22. Qe1 Rf7 23. Qh4 Rg7 24. Bg4 Nf8 25. Rf1 Rd6 26. Bf5 Bc8 27. Bxc8 Nxc8
28. Nd5 Qd8 29. Bc5 Re6 30. Nxf6+ Rxf6 31. Rhxf6 Nd7 32. Rf8+ Qxf8 33. Rxf8+
Nxf8 34. Bxf8 Kxf8 35. Qd8+ Kf7 36. Qxc8 Rg6 37. Qf5+ Kg7 38. Qxe5+ 1-0

[Event "Eastern Ontario op"]
[Site "Ottawa CAN"]
[Date "1968.07.21"]
[Round "5"]
[White "Brodie, Hugh"]
[Black "Streit, Howard"]
[Result "1/2-1/2"]
[WhiteElo "1700"]
[BlackElo "1700"]
[PlyCount "84"]
[EventDate "1968.07.20"]
[EventType "swiss"]
[EventRounds "5"]
[EventCountry "CAN"]

1. Nf3 Nf6 2. b4 e6 3. b5 d5 4. Bb2 a6 5. bxa6 Nxa6 6. g3 Bd6 7. Bg2 c5 8. c4
d4 9. O-O O-O 10. d3 Qc7 11. e3 e5 12. exd4 cxd4 13. Ne1 Bd7 14. Nd2 Nc5 15.
Nb3 Nxb3 16. axb3 Rxa1 17. Bxa1 Bc6 18. Nc2 Nd7 19. b4 Bxg2 20. Kxg2 b6 21. Qf3
Nb8 22. b5 Nd7 23. Bb2 Nc5 24. Ra1 Ne6 25. Ra6 Rb8 26. Ba3 Kf8 27. Bxd6+ Qxd6
28. Ra7 Nd8 29. Ne1 g6 30. Qe2 Rb7 31. Ra8 Rb8 32. Rxb8 Qxb8 33. Nf3 f6 34. Nd2
Qb7+ 35. Qe4 Ke7 36. f4 Qxe4+ 37. Nxe4 exf4 38. gxf4 f5 39. Nd2 Ne6 40. Kf3 Nc5
41. Ke2 Ne6 42. Kf3 Nc5 1/2-1/2

[Event "Carnaval"]
[Site "Quebec CAN"]
[Date "1968.02.23"]
[Round "1"]
[White "Brodie, Hugh"]
[Black "Jones, Allan"]
[Result "1/2-1/2"]
[WhiteElo "1700"]
[BlackElo "1700"]
[PlyCount "110"]
[EventDate "1968.02.23"]
[EventType "swiss"]
[EventRounds "5"]
[EventCountry "CAN"]

1. Nf3 Nf6 2. g3 g6 3. Bg2 Bg7 4. O-O O-O 5. c4 c5 6. Nc3 Nc6 7. d4 cxd4 8.
Nxd4 Nxd4 9. Qxd4 Nh5 10. Qd3 f5 11. f4 d6 12. e4 Qc7 13. Nd5 Qd8 14. Rb1 Nf6
15. Nxf6+ Bxf6 16. b3 Qc7 17. Bb2 Bxb2 18. Rxb2 e5 19. fxe5 dxe5 20. exf5 Bxf5
21. Qd5+ Rf7 22. Rd2 Kg7 23. Qd6 Qa5 24. Re2 Re8 25. Qd2 Qc7 26. Qc3 Rd7 27.
Rfe1 Rde7 28. b4 b6 29. a4 a6 30. a5 bxa5 31. bxa5 Qc5+ 32. Kh1 Bd7 33. Re3 Bc6
34. Bxc6 Qxc6+ 35. Kg1 Qc5 36. Kg2 Kf6 37. Rd3 Rc8 38. Rf1+ Kg7 39. Rc1 Rec7
40. Re3 Re8 41. Rd3 Rf7 42. Rd2 Ref8 43. Rcc2 Qc6+ 44. Rd5 Re8 45. Kg1 Kg8 46.
Rxe5 Rxe5 47. Qxe5 Qf3 48. Qe1 Qd3 49. Qe2 Qd4+ 50. Kg2 Qc5 51. Qe8+ Kg7 52.
Qa4 Qf5 53. Qa1+ Rf6 54. Qd1 Qe4+ 55. Kg1 Qe3+ 1/2-1/2

[Event "Carnaval"]
[Site "Quebec CAN"]
[Date "1968.02.24"]
[Round "2"]
[White "Krotki, Jan"]
[Black "Brodie, Hugh"]
[Result "1-0"]
[WhiteElo "2000"]
[BlackElo "1700"]
[PlyCount "101"]
[EventDate "1968.02.23"]
[EventType "swiss"]
[EventRounds "5"]
[EventCountry "CAN"]

1. e4 e6 2. d4 d5 3. e5 c5 4. Qg4 Qc7 5. Nf3 Ne7 6. Bd3 c4 7. Be2 Nbc6 8. c3 b5
9. Na3 a6 10. Nc2 Qb6 11. Bd2 Nf5 12. a3 Bb7 13. Ne3 h5 14. Qh3 Nce7 15. g4
Nxe3 16. fxe3 g6 17. Ng5 Bh6 18. Nxf7 Kxf7 19. gxh5 Rag8 20. Bg4 Bc8 21. Qf3+
Ke8 22. hxg6 Nxg6 23. Bh5 Kd8 24. Ke2 Rf8 25. Qg4 Ne7 26. h4 Rf5 27. e4 dxe4
28. Bg5 Bxg5 29. hxg5 Bb7 30. g6 Rhf8 31. g7 Rf2+ 32. Ke1 R8f4 33. Qg5 Kd7 34.
Qxe7+ Kxe7 35. g8=Q Rf8 36. Qg7+ Kd8 37. Be2 Qc7 38. Qxc7+ Kxc7 39. Rh7+ R2f7
40. Rxf7+ Rxf7 41. Kd2 Rf4 42. Rf1 Rxf1 43. Bxf1 Kb6 44. Ke3 Ka5 45. Bg2 Kb6
46. Bxe4 Bc8 47. Kf4 Kc7 48. Kg5 Kd8 49. Kf6 Ke8 50. Bg6+ Kd8 51. Bf7 1-0

[Event "Carnaval"]
[Site "Quebec CAN"]
[Date "1968.02.24"]
[Round "3"]
[White "Brodie, Hugh"]
[Black "Heinoo, Risto"]
[Result "1-0"]
[WhiteElo "1700"]
[BlackElo "1700"]
[PlyCount "111"]
[EventDate "1968.02.23"]
[EventType "swiss"]
[EventRounds "5"]
[EventCountry "CAN"]

1. Nf3 d5 2. c4 Nf6 3. g3 e6 4. b3 c5 5. Bg2 Nc6 6. Bb2 d4 7. O-O Be7 8. e3 d3
9. Ne5 Nb4 10. Nc3 Nd7 11. Ne4 Nxe5 12. Bxe5 f6 13. Bb2 O-O 14. f4 Bd7 15. Nf2
Qc7 16. a3 Nc6 17. Nxd3 Be8 18. Nf2 Rd8 19. Qe2 Bg6 20. Ne4 Qd7 21. Rad1 Qd3
22. Qxd3 Rxd3 23. Bc3 Bh5 24. Rb1 a5 25. h3 f5 26. Nf2 Rd7 27. Ra1 Bf6 28. Bxf6
Rxf6 29. Ra2 Rf8 30. g4 fxg4 31. hxg4 Bg6 32. Ne4 Bxe4 33. Bxe4 Nd8 34. Kf2 b6
35. Rh1 g5 36. Kg3 gxf4+ 37. exf4 Nb7 38. Rh6 Nd6 39. Bb1 Re7 40. Ra1 a4 41.
bxa4 Nxc4 42. d3 Ne3 43. Ba2 Nc2 44. Rb1 Kg7 45. Rbh1 Kh8 46. Rxe6 Rxe6 47.
Bxe6 Nd4 48. f5 Nxe6 49. fxe6 Re8 50. Re1 Kg7 51. g5 Kg6 52. Kf4 h5 53. gxh6
Kxh6 54. Ke5 Kg7 55. Rf1 Re7 56. Kd6 1-0

[Event "Carnaval"]
[Site "Quebec CAN"]
[Date "1968.02.25"]
[Round "4"]
[White "Brodie, Hugh"]
[Black "Letourneau, Martin"]
[Result "1-0"]
[WhiteElo "1700"]
[BlackElo "1700"]
[PlyCount "193"]
[EventDate "1968.02.23"]
[EventType "swiss"]
[EventRounds "5"]
[EventCountry "CAN"]

1. Nf3 Nc6 2. c4 Nf6 3. d4 e6 4. Bg5 Be7 5. Nc3 d5 6. e3 a6 7. a3 O-O 8. Bd3
Na5 9. cxd5 exd5 10. b4 Nc4 11. Qc2 g6 12. Nxd5 Nxd5 13. Bxe7 Ncxe3 14. Bxd8
Nxc2+ 15. Bxc2 Rxd8 16. h4 Nf4 17. g3 Bg4 18. Nh2 Re8+ 19. Kd2 Re2+ 20. Kc1 Bh5
21. g4 Rxf2 22. gxh5 gxh5 23. Kb2 Ne2 24. Raf1 Rxf1 25. Rxf1 Nxd4 26. Bd1 Kg7
27. Bxh5 Rf8 28. Rf4 Ne6 29. Rf5 b6 30. Nf3 c5 31. Ne5 cxb4 32. axb4 h6 33.
Rxf7+ Rxf7 34. Bxf7 Nc7 35. Bc4 a5 36. b5 Kf6 37. Nd7+ Kf5 38. Nxb6 Kg4 39. Nd5
Nxb5 40. Bxb5 Kxh4 41. Ka3 Kg5 42. Bf1 h5 43. Ka4 h4 44. Bh3 Kh5 45. Kxa5 Kg5
46. Kb4 Kh5 47. Kc4 Kg5 48. Kd4 Kh5 49. Ke4 Kg5 50. Ne3 Kf6 51. Kf4 Kg6 52. Kg4
Kf6 53. Kxh4 Ke7 54. Kg5 Kf7 55. Nd5 Kg7 56. Be6 Kh7 57. Kf6 Kh8 58. Bf5 Kg8
59. Nf4 Kh8 60. Be6 Kh7 61. Ng6 Kh6 62. Nf8 Kh5 63. Ng6 Kh6 64. Bg8 Kh5 65. Kf5
Kh6 66. Nf4 Kg7 67. Bc4 Kf8 68. Kf6 Ke8 69. Be6 Kd8 70. Nd5 Ke8 71. Kg7 Kd8 72.
Bf5 Ke8 73. Kf6 Kf8 74. Bh7 Ke8 75. Nb6 Kd8 76. Ke6 Kc7 77. Nc4 Kc6 78. Bd3 Kc7
79. Be4 Kd8 80. Bc6 Kc7 81. Kd5 Kd8 82. Kd6 Kc8 83. Nb6+ Kd8 84. Na8 Kc8 85.
Nc7 Kd8 86. Ne6+ Kc8 87. Bf3 Kb8 88. Kc6 Ka7 89. Nc7 Kb8 90. Bg4 Ka7 91. Bf5
Kb8 92. Nd5 Ka7 93. Nb4 Kb8 94. Kb6 Ka8 95. Be6 Kb8 96. Na6+ Ka8 97. Bd5# 1-0

[Event "Carnaval"]
[Site "Quebec CAN"]
[Date "1968.02.25"]
[Round "5"]
[White "Muskat, Paul"]
[Black "Brodie, Hugh"]
[Result "1/2-1/2"]
[WhiteElo "1550"]
[BlackElo "1700"]
[PlyCount "58"]
[EventDate "1968.02.23"]
[EventType "swiss"]
[EventRounds "5"]
[EventCountry "CAN"]

1. e4 e6 2. Qe2 c5 3. g3 Nc6 4. Nf3 Nge7 5. Bg2 d5 6. d3 d4 7. Na3 e5 8. Nc4 f6
9. O-O b5 10. Na3 a6 11. Ne1 Bb7 12. f4 Qd7 13. fxe5 Nxe5 14. Nf3 N7g6 15. Nxe5
Nxe5 16. Bf4 Bd6 17. Nb1 h5 18. Nd2 h4 19. Nf3 Nxf3+ 20. Qxf3 hxg3 21. Qxg3
Bxf4 22. Qxf4 O-O-O 23. Rae1 Rde8 24. Bf3 Qc7 25. Qxc7+ Kxc7 26. Bg2 Re5 27.
Rf5 Bc8 28. Rxe5 fxe5 29. Rf1 Be6 1/2-1/2

[Event "Montreal-Tch"]
[Site "Montreal CAN"]
[Date "1968.01.14"]
[Round "1"]
[White "Brodie, Hugh"]
[Black "Kuber, Bruce"]
[Result "0-1"]
[WhiteElo "1734"]
[BlackElo "1413"]
[PlyCount "150"]
[EventDate "1968.01.14"]
[EventType "team"]
[EventRounds "5"]
[EventCountry "CAN"]

1. Nf3 Nf6 2. c4 g6 3. b3 Bg7 4. Bb2 O-O 5. g3 d6 6. d4 Nbd7 7. Bg2 Re8 8. O-O
c5 9. Qc2 Rb8 10. Nbd2 Qc7 11. Rac1 Nb6 12. d5 Bf5 13. Qd1 Nc8 14. Nh4 Bd7 15.
Bc3 a5 16. e4 b5 17. Qc2 b4 18. Bb2 Ra8 19. a4 bxa3 20. Bxa3 a4 21. bxa4 Bxa4
22. Qd3 Nb6 23. Rb1 Bd7 24. Bc1 Bc8 25. e5 Ng4 26. exd6 exd6 27. h3 Ne5 28. Qb3
Rb8 29. Ba3 Ba6 30. Qc2 Nbxc4 31. Rxb8 Rxb8 32. Nxc4 Bxc4 33. Re1 Qa5 34. Re3
Qb5 35. f4 Qb1+ 36. Qxb1 Rxb1+ 37. Kh2 Nd7 38. Re8+ Bf8 39. f5 Nf6 40. Rd8 Nxd5
41. fxg6 hxg6 42. Nf3 Rb5 43. Bc1 Kg7 44. Bh6+ Kxh6 45. Rxf8 Kg7 46. Rd8 Rb6
47. Nd2 Ne3 48. Nxc4 Nxc4 49. h4 Ne3 50. Bf3 Rb2+ 51. Kh3 Rd2 52. Re8 Nd1 53.
Kg4 Rd4+ 54. Kh3 Rd3 55. Be2 Re3 56. Rxe3 Nxe3 57. Kh2 d5 58. Kg1 d4 59. Kf2
Kf6 60. Ke1 Ke5 61. Kd2 Kd5 62. Bf3+ Kd6 63. Kd3 Nf5 64. h5 gxh5 65. Bxh5 f6
66. g4 Ng7 67. Bg6 Ne6 68. Be4 Ke5 69. Bf5 Ng5 70. Kc4 Kd6 71. Bc8 Ne4 72. Bb7
Ke5 73. Bd5 d3 74. Bc6 d2 75. Ba4 Nf2 0-1

[Event "Montreal-Tch"]
[Site "Montreal CAN"]
[Date "1968.01.21"]
[Round "2"]
[White "Duchoeny, David"]
[Black "Brodie, Hugh"]
[Result "1-0"]
[WhiteElo "1814"]
[BlackElo "1734"]
[PlyCount "111"]
[EventDate "1968.01.14"]
[EventType "team"]
[EventRounds "5"]
[EventCountry "CAN"]

1. e4 c5 2. Nf3 d6 3. d4 cxd4 4. Nxd4 Nf6 5. Nc3 a6 6. Be2 e6 7. Be3 Be7 8. O-O
O-O 9. f4 Qc7 10. Bf3 Nc6 11. Nb3 Rb8 12. a4 b6 13. Qe2 Bb7 14. Kh1 Nb4 15. Qf2
Ba8 16. Rad1 Rfd8 17. Rd2 d5 18. e5 Nd7 19. Bg4 Nc5 20. Nd4 Nc6 21. Nxc6 Bxc6
22. a5 Nd7 23. axb6 Nxb6 24. f5 exf5 25. Qxf5 Bb4 26. e6 f6 27. Bxb6 Rxb6 28.
Nxd5 Bxd5 29. Rxd5 Rdd6 30. c3 Qc4 31. e7 Kf7 32. Qh5+ Kxe7 33. Re1+ Re6 34.
Bxe6 Rxe6 35. Rxe6+ Kxe6 36. Qf5+ Kf7 37. Rd1 Be7 38. Qh5+ Ke6 39. Qxh7 Qe2 40.
Qg8+ Kf5 41. Qd5+ Kg6 42. Qd3+ Qxd3 43. Rxd3 f5 44. Rd7 Bg5 45. Rd6+ Kf7 46.
Rxa6 Bc1 47. b4 Bd2 48. Rc6 g5 49. b5 Ke7 50. c4 Kd7 51. Kg1 f4 52. Kf1 g4 53.
Rg6 f3 54. gxf3 gxf3 55. Kf2 Bf4 56. h4 1-0

[Event "Montreal-Tch"]
[Site "Montreal CAN"]
[Date "1968.02.04"]
[Round "3"]
[White "Brodeur, Gilles"]
[Black "Brodie, Hugh"]
[Result "1-0"]
[WhiteElo "1531"]
[BlackElo "1734"]
[PlyCount "49"]
[EventDate "1968.01.14"]
[EventType "team"]
[EventRounds "5"]
[EventCountry "CAN"]

1. e4 e5 2. Nf3 Nc6 3. Bb5 a6 4. Bxc6 dxc6 5. O-O Bg4 6. h3 Bh5 7. d3 f6 8. Be3
Ne7 9. Nbd2 Bf7 10. Qe2 Qd7 11. Rfd1 O-O-O 12. Nb3 Bxb3 13. axb3 Ng6 14. d4
exd4 15. Rxa6 b5 16. Rxd4 Bd6 17. Rda4 Qe6 18. R4a5 Qxe4 19. Nd4 Qe5 20. Qg4+
f5 21. Nxf5 Qh2+ 22. Kf1 Qh1+ 23. Ke2 Nf4+ 24. Bxf4 Bxf4 25. Nd6+ 1-0

[Event "Montreal-Tch"]
[Site "Montreal CAN"]
[Date "1968.02.11"]
[Round "4"]
[White "Jones, Allan"]
[Black "Brodie, Hugh"]
[Result "0-1"]
[WhiteElo "1650"]
[BlackElo "1734"]
[PlyCount "130"]
[EventDate "1968.01.14"]
[EventType "team"]
[EventRounds "5"]
[EventCountry "CAN"]

1. d4 d5 2. c4 c6 3. cxd5 cxd5 4. Nc3 Nf6 5. Nf3 e6 6. Bf4 Be7 7. e3 O-O 8. Bd3
a6 9. O-O b5 10. Qc2 h6 11. h3 Bb7 12. Rac1 Nbd7 13. a3 Rc8 14. b4 Nb6 15. Qb3
Nc4 16. Rc2 Bd6 17. Bxd6 Qxd6 18. Rfc1 Rc7 19. a4 Qb6 20. axb5 axb5 21. Ra1 Ra8
22. Rca2 Rxa2 23. Rxa2 Nd7 24. Nd2 Nb8 25. Bxc4 bxc4 26. Qa4 Bc6 27. b5 Bd7 28.
Qa5 Qxa5 29. Rxa5 Rb7 30. Ndb1 Kf8 31. Na3 Be8 32. Na4 Nd7 33. Nc5 Rb8 34. Kf1
Nb6 35. Ke1 Ke7 36. Kd2 Kd8 37. Kc3 Kc8 38. Kb4 Nd7 39. Ra6 Rb6 40. Ka5 Rxa6+
41. Kxa6 Kc7 42. Nxd7 Bxd7 43. b6+ Kb8 44. b7 Bc6 45. Kb6 Bxb7 46. Nb5 Bc8 47.
Nc3 Bd7 48. f3 f6 49. e4 Kc8 50. exd5 exd5 51. Kc5 Be6 52. f4 f5 53. Kd6 Bg8
54. h4 Kb7 55. Kc5 Kc7 56. Nb5+ Kd7 57. Nc3 Ke7 58. Kc6 Kf6 59. Kd6 g5 60. g3
gxf4 61. gxf4 Kg6 62. Ke5 Kh5 63. Kxf5 Kxh4 64. Kg6 Kg4 65. f5 h5 0-1